Oscar del calcio AIC 2000 - Statistics

Statistiche generali
  • Questo quiz è stato fatto 25 volte
  • Il punteggio medio è 7 su 9
Statistiche sulle risposte
Categoria Nazione Squadra Vincitore % Corretto
Migliore calciatore straniero Ucraina Milan Andrij Schevchenko
100%
Migliore calciatore italiano Italia Roma Francesco Totti
100%
Migliore calciatore assoluto Italia Roma Francesco Totti
100%
Migliore difensore Italia Lazio Alessandro Nesta
95%
Migliore arbitro - - Pierluigi Collina
86%
Migliore calciatore del secolo Italia Milan Franco Baresi
81%
Migliore portiere Italia Fiorentina Francesco Toldo
76%
Migliore allenatore Svezia Lazio Sven-Göran Eriksson
67%
Migliore calciatore giovane Italia Reggina Roberto Baronio
14%
Nessun quiz corrispondente trovato
Distribuzione punteggi
Percentuale di utenti per punteggio
Percentile per numero di risposta
I tuoi punteggi nel tempo
Non hai fatto questo quiz